Abidjan - Choix Multiples - Statistiques

Statistiques générales
  • Ce quiz a été pris 2 713 fois
  • Le résultat moyen est 6 sur 10
Statistiques - réponses
Question Réponse % Correct
De quel pays Abidjan est-elle la capitale économique ? Côte d'Ivoire
97%
Quel footballeur né à Abidjan a brillé de sous les maillots de sa sélection, de Chelsea ou encore de l'Olympique de Marseille ? Didier Drogba
88%
Quel étendue d'eau se dresse devant la ville ? Golfe de Guinée
87%
Quel événement international Abidjan a-t-elle accueilli en 2024, menant à des scènes de liesse ? Coupe d'Afrique des Nations
65%
Lequel de ces mots désigne une variété de café torréfiée et très exportée depuis Abidjan ? Robusta
64%
Lequel de ces films avec Jean Marais met en scène un quartier d'Abidjan ? Le Gentleman de Cocody
55%
Comment s'appelait le premier Président de la République et ancien maire d'Abidjan ? Félix Houphouët-Boigny
52%
Quelle spécificité possède le parc national du Banco ? Il est l'un des seuls parcs nationaux à se trouver dans une agglomération
44%
Quelles valeurs animent le zouglou, un style musical qui a émergé à Abidjan dans les années 1990 ? La justice et la paix
34%
Qu'est-ce qu'un maquis à Abidjan ? Un restaurant-bar
34%
Aucun quiz correspondant
Distribution des résultats
% des personnes avec chaque résultat
Percentile par nombre de réponses
Votre historique - résultats
Vous n’avez pas pris ce quiz